| 000 | 01255cam a2200313 a 4500 | ||
|---|---|---|---|
| 001 | 16805137 | ||
| 003 | CBULib | ||
| 005 | 20240506112508.0 | ||
| 008 | 110601s2011 stka bf 001 0 eng | ||
| 010 | _a 2011411339 | ||
| 020 | _a9780702029905 | ||
| 040 |
_aDLC _cDLC |
||
| 042 | _apcc | ||
| 050 | 0 | 0 |
_aRC925.7 _b.P48 2011 |
| 245 | 0 | 0 |
_aNeuromusculoskeletal examination and assessment : _ba handbook for therapists / _cedited by Nicola J. Petty, Ann P. Moore ; foreword by Alison Rushton. |
| 250 | _a4th ed. | ||
| 260 |
_aEdinburgh ; New York : _bChurchill Livingstone/Elsevier, _c2011. |
||
| 300 |
_axvii, 447 p. : _bill. ; _c25 cm. |
||
| 500 | _aRev. ed. of: Neuromusculoskeletal examination and assessment / Nicola J. Petty, Ann P. Moore. 1998. | ||
| 650 | 0 |
_aMusculoskeletal system _xExamination _vHandbooks, manuals, etc. |
|
| 650 | 0 |
_aNervous system _xExamination _vHandbooks, manuals, etc. |
|
| 650 | 0 |
_aPhysical therapy _vHandbooks, manuals, etc. |
|
| 700 | 1 | _aPetty, Nicola J. | |
| 700 | 1 | _aMoore, Ann P. | |
| 700 | 1 |
_aPetty, Nicola J. _tNeuromusculoskeletal examination and assessment. |
|
| 906 |
_a7 _bcbc _corigcop _d2 _eocip _f20 _gy-gencatlg |
||
| 942 |
_2lcc _c002 _n0 |
||
| 999 |
_c84981 _d84981 |
||